1367 1568 1883 1193 1279 1819 1316 1894 1664 1345 1358 1563 1802 1955 1820 1552 1021 1822 1960 1810 1727 1937 1563 1162 1185 1683 1810 1834 1738 1669 1903 1745 1340 1829 1581 1538 1266 1349 1306 1054 1019 1034 1983 1441 1657 1277 1330 1484 1588 1971 1951 1476 1984 1045 1336 1782 1838 1184 1685 1539 1736 1900 1838 1737 1696 1593 1216 1865 1894 1490 1010 1586 1087 1667 1396 1112 1021 1198 1396 1284 1644 1740 1946 1059 1514 1069 1821 1372 1425 1680 1245 1954 1806 1126 1088 1295 1287 1592 1639 BCNSPRNW ULIB Ver.6.0+V

เปลี่ยนเป็นภาษาไทย

Change to English
 แสดงรายละเอียดบรรณานุกรม
  กลับหน้าหลัก

Brief Record : Get Marc (ISO 2709) : E-mail record : QR code < ปิดหน้าต่าง
LEADER : 00000nam 2200000uu 4500
001    13399113867
003     ULIB
008    120111s2545||||th 000 0 tha d
020    ^a9746112325(ล.1)
060  4 ^aWA310^bม246อ ล.1 2545
110 1  ^aมหาวิทยาลัยสุโขทัยธรรมาธิราช^bสาขาวิชาวิทยาศาสตร์สุขภาพ
245 00 ^aเอกสารการสอนชุดวิชา อนามัยแม่และเด็กและการวางแผนครอบครัว หน่วยที่1-8=^bMaternal and Child Health and Family Planning /^cสาขาวิชาวิทยาศาสตร์สุขภาพ มหาวิทยาลัยสุโขทัยธรรมาธิราช
246 0  ^aMaternal and Child Health and Family Planning
250    ^aพิมพ์ครั้งที่ 11
260    ^aนนทบุรี:^bศูนย์หนังสือมหาวิทยาลัยสุโขทัยธรรมาธิราช,^c2545
300    ^a2 เล่ม :^b901 หน้า
650  7 ^aครอบครัว^xการวางแผน
650  7 ^aเด็ก^xการบริบาลและสุขวิทยา
650  7 ^aอนามัยแม่และเด็ก
945    ^p0^l0^i14665
945    ^p0^l0^i14666
945    ^p0^l0^i24409
995    ^aกัณชพร
999    ^aใช้งานได้ทุกระบบ
รายการนี้ยังไม่มีแท็ก
คุณยังไม่ได้ล็อกอิน คุณสามารถมีกิจกรรมร่วมกับเว็บไซต์ได้ แต่ต้องล็อกอินก่อน ::
  ล็อกอิน

รายการสื่อสารสนเทศ

ลำดับที่ ประเภท เลขเรียก/บาร์โค้ด สถานที่ สถานะ
- ไม่พบข้อมูล -

รายการใกล้เคียง
    หัวเรื่อง [อนามัยแม่และเด็ก]

BibComment


ยังไม่เคยถูกคอมเมนท์

คอมเมนท์ทรัพยากรรายการนี้
  คอมเมนท์: เอกสารการสอนชุดว..


 Copyright 2026. Bcnsprnw @Library